书目信息 |
| 题名: |
逃出束缚
|
|
| 作者: | 张义兵 著 | |
| 分册: | ||
| 出版信息: | 北京 北京师范大学出版社 2003 |
|
| 页数: | 307页 | |
| 开本: | 23cm | |
| 丛书名: | 现代教育社会学研究丛书 | |
| 单 册: | ||
| 中图分类: | G40-052 | |
| 科图分类: | ||
| 主题词: | 教育社会学--jiao yu she hui xue | |
| 电子资源: | ||
| ISBN: | 978-7-303-06337-6 | |
| 000 | 00907nam 2200277 450 | |
| 001 | 012001004899 | |
| 005 | 20121205150556.0 | |
| 010 | @a978-7-303-06337-6@dCNY30.00 | |
| 099 | @aCAL 012003191879 | |
| 100 | @a20031211d2003 ekmy0chiy0120 ea | |
| 101 | 0 | @achi |
| 102 | @aCN@b110000 | |
| 105 | @aa a 000yy | |
| 106 | @ar | |
| 200 | 1 | @a逃出束缚@Atao chu shu fu@e“赛博教育”的社会学解读@f张义兵著@Atao chu shu fu |
| 210 | @a北京@c北京师范大学出版社@d2003 | |
| 215 | @a307页@c图@d23cm | |
| 225 | 2 | @a现代教育社会学研究丛书@Axian dai jiao yu she hui xue yan jiu cong shu |
| 320 | @a有书目 | |
| 410 | 0 | @12001@a现代教育社会学研究丛书 |
| 517 | 1 | @a赛博教育的社会学解读@Asai bo jiao yu de she hui xue jie du |
| 606 | 0 | @a教育社会学@Ajiao yu she hui xue |
| 690 | @aG40-052@v4 | |
| 701 | 0 | @a张义兵@Azhang yi bing@4著 |
| 801 | 2 | @aCN@b江苏凤凰@c20191020 |
| 905 | @b1224219-22@dG40-052@e1077@f4 | |
| 逃出束缚:“赛博教育”的社会学解读/张义兵著.-北京:北京师范大学出版社,2003 |
| 307页:图;23cm.-(现代教育社会学研究丛书) |
| ISBN 978-7-303-06337-6:CNY30.00 |
| ● |
| 相关链接 |
|
|
|
|
正题名:逃出束缚
索取号:G40-052/1077
 
预约/预借
| 序号 | 登录号 | 条形码 | 馆藏地/架位号 | 状态 | 备注 |
| 1 | 1224219 | 212242198 | 第一样本阅览室/ [索取号:G40-052/1077] | 在馆 | |
| 2 | 1224220 | 212242205 | 教育系资料室/ [索取号:G40-052/1077] | 在馆 | |
| 3 | 1224221 | 212242214 | 教育系资料室/ [索取号:G40-052/1077] | 在馆 | |
| 4 | 1224222 | 212242223 | 第四借阅区/ [索取号:G40-052/1077] | 在馆 |